LDR 00997naa#a2200169#i#450# 001 RU\\bibl\121758 005 20260702131347.4 011 ## _a2072-9502 100 ## _a20260427b2026####ek#y0rusy0150####ca 102 ## _aRU 200 1# _aМодификация метода Галёркина при решении задачи параметрического синтеза САУ _eЖурнальная статья 210 1# _aАстрахань _cАстраханский государственный технический университет _d2026 215 ## _a7 с. 608 ## _aЖурнальная статья _2local 675 ## _aАвтоматика. Теория, методы расчета и аппаратура систем автоматического управления и регулирования. Техническая кибернетика. Техника автоматизации. 681.5 _z 700 #1 _aВатаева _gЕлизавета Юрьевна 856 4# _avestnik.astu.org _u